Normal view
MARC view
Entry Personal Name
001 - CONTROL NUMBER
- control field: 1999
003 - CONTROL NUMBER IDENTIFIER
- control field: BD-RjUL
005 - DATE AND TIME OF LATEST TRANSACTION
- control field: 20220323172204.0
008 - FIXED-LENGTH DATA ELEMENTS
- fixed length control field: 220323|| aca||aabn | a|a d
040 ## - CATALOGING SOURCE
- Original cataloging agency: BD-RjUL
- Transcribing agency: BD-RjUL
100 ## - HEADING--PERSONAL NAME
- Personal name: Ahmed, Mumtaz Uddin
- Dates associated with a name: 1935-2019 A. D.
- General subdivision: Biography
670 ## - SOURCE DATA FOUND
- Source citation: Work cat.: (BD-RjUL)79328: আলম, এ. কে. এম. রবিউল 1168, মুক্তিষুদ্ধ ও মমতাজ উদ্দীন আহমদের নাটক /, ২০১৩